Scaling biodiversity
Αποθηκεύτηκε σε:
| Άλλοι συγγραφείς: | , , |
|---|---|
| Μορφή: | Βιβλίο |
| Γλώσσα: | English |
| Δημοσίευση: |
Cambridge :
Cambridge University Press,
2007
|
| Σειρά: | Ecological reviews
|
| Θέματα: | |
| Ετικέτες: |
Προσθήκη ετικέτας
Δεν υπάρχουν, Καταχωρήστε ετικέτα πρώτοι!
|
MARC
| LEADER | 00000cam a2200000 i 4500 | ||
|---|---|---|---|
| 001 | 1/99782 | ||
| 008 | 081218s2007 eng d | ||
| 020 | |a 978-0-521-69937-2 (pbk.) | ||
| 020 | |a 978-0-521-87602-5 (hbk.) | ||
| 035 | |l 10102597 | ||
| 040 | |a GR-MY-UA |b gre |e aacr | ||
| 041 | 0 | |a eng | |
| 082 | 0 | |a 333.9511 |2 (22) | |
| 245 | 1 | 0 | |a Scaling biodiversity / |c edited by David Storch, Pablo A. Marquet, James H. Brown |
| 260 | |a Cambridge : |b Cambridge University Press, |c 2007 | ||
| 300 | |a xvii, 470 σ., [8] φύλλα πινάκων; |b εικ., χάρτες (μερ. έγχρ.); |c 26 εκ. | ||
| 490 | 1 | |a Ecological reviews | |
| 504 | |a Περιέχει βιβλιογραφικές παραπομπές και ευρετήριο | ||
| 650 | 0 | 0 | |a Biodiversity. |
| 650 | 0 | 0 | |a Biodiversity |x Monitoring. |
| 650 | 0 | 0 | |a Scaling (Social sciences) |
| 700 | 1 | |a Storch, David. |4 edt | |
| 700 | 1 | |a Marquet, P. A. |q (Pablo A.), |d 1963- |4 edt | |
| 700 | 1 | |a Brown, James H., |d 1942 September 25- |4 edt | |
| 830 | 0 | |a Ecological reviews | |
| 852 | |a INST |b LESVOS |e 20081218 |h 333.9511 SCA |p 005100043741 |q 005100043741 |t BK |y 0 | ||
| 852 | |a INST |b LESVOS |e 20100721 |h 333.9511 SCA |p 005100048254 |q 005100048254 |t BK |y 0 | ||
| 901 | |a BIBL1-2008-3 | ||
| 909 | |a Λ |b 157649 | ||
| 909 | |a Λ |b 166352 | ||
| 920 | |a ΕΠΕΑΕΚ ΠΜΣ ΠΕΡΙΒΑΛΛΟΝΤΙΚΗ ΚΑΙ ΟΙΚΟΛΟΓΚΗ ΜΗΧΑΝΙΚΗ |y ΛΕΣΒΟΣ |z 2008-09 | ||
| 970 | |a ΚΑΡΑ |b ΓΙΑΣΕΜΗ |z 2008/12/18 | ||